Assessment of student learning I : (Record no. 358469)
[ view plain ]
| 000 -LEADER | |
|---|---|
| fixed length control field | 00499nam a2200133Ia 4500 |
| 008 - FIXED-LENGTH DATA ELEMENTS--GENERAL INFORMATION | |
| fixed length control field | 180901s9999 xx 000 0 und d |
| 020 ## - INTERNATIONAL STANDARD BOOK NUMBER | |
| International Standard Book Number | 9789715849739 |
| 100 ## - MAIN ENTRY--PERSONAL NAME | |
| Personal name | Reganit, Arnulfo Aaron R. |
| 245 ## - TITLE STATEMENT | |
| Statement of responsibility, etc | Arnulfo aaron R. Reganit, Ronaldo SP. Elicay, Cresencia C. Laguerta.-- |
| Title | Assessment of student learning I : |
| Remainder of title | cognitive learning / |
| 260 ## - PUBLICATION, DISTRIBUTION, ETC. (IMPRINT) | |
| Place of publication, distribution, etc | Quezon City : |
| Name of publisher, distributor, etc | C & E Publishing |
| Date of publication, distribution, etc | 2010 |
| 300 ## - PHYSICAL DESCRIPTION | |
| Extent | xi, 161 pages. |
| 650 ## - SUBJECT ADDED ENTRY--TOPICAL TERM | |
| Topical term or geographic name as entry element | Cognitive Learning. |
| 650 ## - SUBJECT ADDED ENTRY--TOPICAL TERM | |
| Topical term or geographic name as entry element | Educational test and measurements. |
| Withdrawn status | Lost status | Damaged status | Home library | Current library | Shelving location | Date acquired | Source of acquisition | Total Checkouts | Full call number | Barcode | Date last seen | Price effective from | Koha item type |
|---|---|---|---|---|---|---|---|---|---|---|---|---|---|
| South SEED-LPDH College Library | South SEED-LPDH College Library | South SEED-LPDH College Section | 09/01/2018 | Library Fund | LB 3051 .R4 2010 | SSLC1722 | 09/01/2018 | 09/01/2018 | Books |